[Event "BSF 75 aar Jubilaeum 2010"]
[Site "Bronshoj"]
[Date "2010.02.19"]
[Round "7"]
[White "Nielsen, Lars Aaes"]
[Black "Aabling Thomsen, Jakob"]
[Result "1-0"]
[WhiteElo "2248"]
[BlackElo "2312"]
[PlyCount "65"]
[EventDate "2010.??.??"]
[EventCountry "DEN"]


1. e4 g6 2. d4 Bg7 3. Bc4 c6 4. Nc3 d6 5. a4 Nf6 6. Nf3 Nxe4 7. Bxf7+ Kxf7 8.
Nxe4 Rf8 9. h4 Kg8 10. h5 Bf5 11. Ng3 Nd7 12. hxg6 Bxg6 13. Nh5 Bh8 14. Nf4
Qa5+ 15. Bd2 Qf5 16. Nxg6 hxg6 17. Qe2 e5 18. Nh4 Qe6 19. Ra3 Rf6 20. Rg3 exd4
21. Nxg6 Qxe2+ 22. Kxe2 Re8+ 23. Kd1 Bg7 24. Nf4 Nf8 25. Rh4 Ne6 26. Rhg4 Rf7
27. Nh5 Ree7 28. Bh6 Kh7 29. Bxg7 Nxg7 30. Rh4 Kg8 31. Rxd4 Rxf2 32. Rxd6 Kf8
33. Nxg7 1-0

[Event "BSF 75 aar Jubilaeum 2010"]
[Site "Bronshoj"]
[Date "2010.02.19"]
[Round "7"]
[White "Andersen, Mads"]
[Black "Saada, Julien"]
[Result "1-0"]
[WhiteElo "2300"]
[BlackElo "2307"]
[PlyCount "89"]
[EventDate "2010.??.??"]
[EventCountry "DEN"]


1. e4 c6 2. d4 d5 3. Nc3 dxe4 4. Nxe4 Bf5 5. Ng3 Bg6 6. h4 h6 7. Nf3 Nd7 8. h5
Bh7 9. Bd3 Bxd3 10. Qxd3 Qc7 11. Bd2 Ngf6 12. O-O-O e6 13. Ne4 O-O-O 14. g3
Nxe4 15. Qxe4 Nf6 16. Qe2 Bd6 17. c4 c5 18. Bc3 cxd4 19. Nxd4 a6 20. Kb1 Rd7
21. Nb3 Qc6 22. Rh4 Rhd8 23. Rc1 Bc7 24. c5 e5 25. Rc4 Re8 26. Ba5 Kb8 27. Rb4
Nd5 28. Nd4 Nxb4 29. Nxc6+ Nxc6 30. Qg4 Red8 31. Bxc7+ Kxc7 32. Qxg7 Rd2 33.
Qxf7+ R8d7 34. Qf3 Nd4 35. Qe3 Re2 36. Qxh6 Nc6 37. Qe6 Rdd2 38. Qb3 Nd4 39.
Qb6+ Kc8 40. a3 Rxf2 41. h6 e4 42. h7 Rh2 43. c6 bxc6 44. Rxc6+ Nxc6 45. Qxc6+
1-0

[Event "BSF 75 aar Jubilaeum 2010"]
[Site "Bronshoj"]
[Date "2010.02.19"]
[Round "7"]
[White "Rasmussen, Allan Stig"]
[Black "Akdag, Dara Sevkan"]
[Result "1-0"]
[WhiteElo "2542"]
[BlackElo "2157"]
[PlyCount "43"]
[EventDate "2010.??.??"]
[EventCountry "DEN"]


1. e4 c5 2. d3 e6 3. f4 d5 4. Be2 dxe4 5. dxe4 Qxd1+ 6. Bxd1 Bd7 7. Nd2 Bc6 8.
c3 f5 9. Ngf3 Bd6 10. Ng5 Bd7 11. exf5 exf5 12. Bb3 Nh6 13. O-O Ke7 14. Nc4 Bc7
15. Re1+ Kf6 16. Ne5 Bc8 17. Be3 Na6 18. Rad1 Bxe5 19. fxe5+ Ke7 20. Ne4 Nf7
21. Nxc5 Nc7 22. e6 1-0

[Event "BSF 75 aar Jubilaeum 2010"]
[Site "Bronshoj"]
[Date "2010.02.19"]
[Round "7"]
[White "Rossen, Claus"]
[Black "Rendboe, John Filip"]
[Result "1/2-1/2"]
[WhiteElo "2223"]
[BlackElo "2247"]
[PlyCount "195"]
[EventDate "2010.??.??"]
[EventCountry "DEN"]


1. e4 c5 2. Nf3 Nc6 3. d4 cxd4 4. Nxd4 Nf6 5. Nc3 e5 6. Ndb5 d6 7. Nd5 Nxd5 8.
exd5 Nb8 9. c4 Be7 10. Be2 O-O 11. O-O a6 12. Nc3 f5 13. f4 Nd7 14. Rb1 Bf6 15.
Qc2 exf4 16. Bxf4 Ne5 17. Be3 Bd7 18. Na4 Qe8 19. Nb6 Ng4 20. Bf2 Ne3 21. Qd3
Nxf1 22. Nxa8 Nxh2 23. Nc7 Qd8 24. Ne6 Bxe6 25. dxe6 Ng4 26. Bxg4 fxg4 27. Qe4
Qe7 28. Qxg4 Re8 29. Qe4 Qxe6 30. Qxb7 Qxc4 31. b3 Qe4 32. Qxe4 Rxe4 33. Rc1
Re2 34. Rc6 Rxa2 35. Bg3 Be5 36. Bxe5 dxe5 37. Re6 Rb2 38. Rxe5 Rxb3 39. Re7
Rb2 40. Kh2 h6 41. Kh3 Kh7 42. g3 a5 43. Ra7 Ra2 44. Ra6 a4 45. Kg4 Ra1 46. Kh3
a3 47. Kh2 a2 48. Kg2 Kg8 49. Ra7 Kf8 50. Kh2 Ke8 51. Kg2 Kd8 52. Kh2 Kc8 53.
Kg2 Kb8 54. Ra3 Kb7 55. Ra4 h5 56. Ra3 Kb6 57. Ra8 Kb7 58. Ra3 Kc6 59. Ra5 Kd6
60. Kh2 Kc6 61. Kg2 Kb6 62. Ra3 Kb5 63. Ra8 Kb4 64. Rb8+ Kc4 65. Rc8+ Kd4 66.
Rd8+ Ke5 67. Re8+ Kf5 68. Rf8+ Kg5 69. Ra8 g6 70. Ra5+ Kf6 71. Kh2 Ke6 72. Kg2
Kd6 73. Kh2 Kc6 74. Kg2 Kb6 75. Ra8 g5 76. Ra3 Kb5 77. Ra8 Kb4 78. Rb8+ Kc4 79.
Rc8+ Kd4 80. Rd8+ Ke4 81. Re8+ Kf5 82. Ra8 h4 83. gxh4 gxh4 84. Rf8+ Ke5 85.
Ra8 Kd5 86. Kh2 Kc6 87. Ra6+ Kb5 88. Ra8 Kb6 89. Ra3 Kb5 90. Ra8 Kc4 91. Rc8+
Kb3 92. Rb8+ Ka3 93. Ra8+ Kb2 94. Rb8+ Kc3 95. Rc8+ Kb4 96. Rb8+ Ka5 97. Ra8+
Kb6 98. Ra3 1/2-1/2

[Event "BSF 75 aar Jubilaeum 2010"]
[Site "Bronshoj"]
[Date "2010.02.19"]
[Round "7"]
[White "Andersen, Alf Roger"]
[Black "Jorgensen, Rasmus"]
[Result "1-0"]
[WhiteElo "2200"]
[BlackElo "2015"]
[PlyCount "59"]
[EventDate "2010.??.??"]
[EventCountry "DEN"]


1. e4 g6 2. d4 Bg7 3. Nc3 d6 4. f4 a6 5. Nf3 b5 6. Bd3 Bb7 7. Ne2 Nd7 8. Be3 c5
9. c3 Rc8 10. d5 Ngf6 11. O-O O-O 12. Kh1 e6 13. dxe6 fxe6 14. f5 Bxe4 15. fxg6
hxg6 16. Nf4 Qe8 17. Ng5 Bf5 18. Bxf5 exf5 19. Qxd6 Qe5 20. Qxa6 Ng4 21. Qxg6
Ndf6 22. Bg1 Rce8 23. Nh5 Re7 24. Rae1 Qc7 25. Rxe7 Qxe7 26. Bxc5 Qc7 27. Bd6
Qb7 28. Bxf8 Kxf8 29. Qxg7+ Qxg7 30. Ne6+ 1-0

[Event "BSF 75 aar Jubilaeum 2010"]
[Site "Bronshoj"]
[Date "2010.02.19"]
[Round "7"]
[White "Huguet, Sergio"]
[Black "Naes, Flovin Tor"]
[Result "1/2-1/2"]
[WhiteElo "2138"]
[BlackElo "2262"]
[PlyCount "69"]
[EventDate "2010.??.??"]
[EventCountry "DEN"]


1. e4 e5 2. Nf3 Nc6 3. d4 exd4 4. Nxd4 Nf6 5. Nxc6 bxc6 6. e5 Qe7 7. Qe2 Nd5 8.
c4 Nb6 9. b3 Qe6 10. Nd2 Be7 11. Bb2 O-O 12. Qe3 d5 13. Bd3 f6 14. O-O Nd7 15.
Nf3 Bb4 16. Nd4 Qxe5 17. Qh3 h6 18. Nxc6 Nc5 19. Bxe5 Bxh3 20. Nxb4 fxe5 21.
gxh3 a5 22. Nxd5 Nxd3 23. Nxc7 Ra7 24. Nd5 Rf3 25. Rad1 Raf7 26. Kg2 e4 27. Rd2
R3f5 28. h4 Rh5 29. Kg3 Rf3+ 30. Kg2 Rxh4 31. Re2 Rg4+ 32. Kh1 Rh4 33. Kg2 Rg4+
34. Kh1 Rh4 35. Kg2 1/2-1/2

[Event "BSF 75 aar Jubilaeum 2010"]
[Site "Bronshoj"]
[Date "2010.02.19"]
[Round "7"]
[White "Petersen, Peter Birk"]
[Black "Christensen, Esben"]
[Result "1-0"]
[WhiteElo "2203"]
[BlackElo "2008"]
[PlyCount "73"]
[EventDate "2010.??.??"]
[EventCountry "DEN"]


1. e4 c5 2. Nf3 e6 3. d4 cxd4 4. Nxd4 Nf6 5. Nc3 d6 6. Be2 a6 7. O-O Qc7 8. f4
Nc6 9. Be3 Be7 10. Kh1 O-O 11. Qe1 b5 12. Nxc6 Qxc6 13. e5 Nd7 14. exd6 Qxd6
15. Bf3 Rb8 16. Ba7 Qxf4 17. Nd5 Qd6 18. Nxe7+ Qxe7 19. Bxb8 Nxb8 20. c3 e5 21.
Bd5 Kh8 22. a4 f5 23. axb5 axb5 24. Ra8 Qd6 25. Qd1 Rd8 26. Bf3 Qc7 27. Qe1 e4
28. Be2 Bb7 29. Ra1 f4 30. Rd1 Rf8 31. Qd2 h6 32. Qd6 Qf7 33. Bh5 g6 34. Bxg6
Qg7 35. Qxf4 Nd7 36. Rxd7 Rxf4 37. Rd8+ 1-0

[Event "BSF 75 aar Jubilaeum 2010"]
[Site "Bronshoj"]
[Date "2010.02.19"]
[Round "7"]
[White "Petersen, Steen Brustrup"]
[Black "Hvenekilde, Jorgen"]
[Result "1/2-1/2"]
[WhiteElo "2154"]
[BlackElo "2190"]
[PlyCount "37"]
[EventDate "2010.??.??"]
[EventCountry "DEN"]


1. e4 e5 2. Nf3 d6 3. d4 exd4 4. Nxd4 Nf6 5. Nc3 a6 6. a4 Nc6 7. Nxc6 bxc6 8.
Bd3 Be7 9. O-O O-O 10. f4 Re8 11. Kh1 Rb8 12. Qf3 Nd7 13. Rb1 Nc5 14. Be3 Nxd3
15. cxd3 Bf8 16. Bd2 Rb3 17. Qd1 Rb8 18. Ne2 c5 19. Qc2 1/2-1/2

[Event "BSF 75 aar Jubilaeum 2010"]
[Site "Bronshoj"]
[Date "2010.02.19"]
[Round "7"]
[White "Frisk, Hans"]
[Black "Petersen, Nils"]
[Result "1/2-1/2"]
[WhiteElo "2022"]
[BlackElo "2059"]
[PlyCount "81"]
[EventDate "2010.??.??"]
[EventCountry "DEN"]


1. Nc3 c5 2. Nf3 e6 3. d4 cxd4 4. Nxd4 a6 5. g3 Nc6 6. Nb3 Nf6 7. Bg2 Be7 8. a4
d5 9. O-O O-O 10. e4 dxe4 11. Nxe4 Nxe4 12. Bxe4 Qxd1 13. Rxd1 e5 14. Be3 g6
15. Bb6 Kg7 16. Nc5 Bd8 17. Bxd8 Nxd8 18. Rd6 Bf5 19. Bxf5 gxf5 20. a5 Rc8 21.
b4 Nc6 22. c3 Rc7 23. Rad1 Nxa5 24. Nxa6 bxa6 25. bxa5 Ra8 26. R1d5 f6 27. Rd7+
Rxd7 28. Rxd7+ Kg6 29. Rc7 Rb8 30. Rc6 Rb3 31. Rxa6 Rxc3 32. h4 h5 33. Ra8 f4
34. gxf4 e4 35. a6 Ra3 36. a7 Kf5 37. Kg2 Ra1 38. Kg3 Ra2 39. Rb8 Rxa7 40. Rb5+
Kg6 41. f5+ 1/2-1/2

[Event "BSF 75 aar Jubilaeum 2010"]
[Site "Bronshoj"]
[Date "2010.02.19"]
[Round "7"]
[White "Hansen, Lars Henrik Bech"]
[Black "Jensen, Michael Agermose"]
[Result "1/2-1/2"]
[WhiteElo "2083"]
[BlackElo "2070"]
[PlyCount "25"]
[EventDate "2010.??.??"]
[EventCountry "DEN"]


1. e4 c5 2. Nc3 g6 3. Nf3 Bg7 4. d4 cxd4 5. Nxd4 Nc6 6. Be3 Nf6 7. Be2 O-O 8.
O-O d6 9. Kh1 d5 10. exd5 Nxd5 11. Nxd5 Qxd5 12. Bf3 Qa5 13. Nxc6 1/2-1/2

[Event "BSF 75 aar Jubilaeum 2010"]
[Site "Bronshoj"]
[Date "2010.02.19"]
[Round "7"]
[White "Andersen, Daniel"]
[Black "Jensen, Soren Holm"]
[Result "0-1"]
[WhiteElo "2024"]
[BlackElo "2060"]
[PlyCount "46"]
[EventDate "2010.??.??"]
[EventCountry "DEN"]


1. c4 Nf6 2. Nc3 e6 3. e4 d5 4. e5 d4 5. exf6 dxc3 6. fxg7 cxd2+ 7. Bxd2 Bxg7
8. Qc2 Nc6 9. Nf3 O-O 10. Bd3 h6 11. O-O-O Qe7 12. a3 Rd8 13. g4 Nd4 14. Nxd4
Rxd4 15. Rhg1 e5 16. f3 Be6 17. Bc3 Rd7 18. Rde1 Rad8 19. Bf5 Qg5+ 20. Kb1 Rd2
21. Bxd2 Rxd2 22. Qe4 Rd4 23. Qe3 Rd1+ 0-1

[Event "BSF 75 aar Jubilaeum 2010"]
[Site "Bronshoj"]
[Date "2010.02.19"]
[Round "8"]
[White "Hector, Jonny"]
[Black "Danielsen, Henrik"]
[Result "1-0"]
[WhiteElo "2572"]
[BlackElo "2495"]
[PlyCount "87"]
[EventDate "2010.??.??"]
[EventCountry "DEN"]


1. e4 c6 2. d4 d5 3. Nd2 dxe4 4. Nxe4 Bf5 5. Ng3 Bg6 6. h4 h6 7. Nf3 Nd7 8. h5
Bh7 9. Bd3 Bxd3 10. Qxd3 e6 11. Bf4 Qa5+ 12. Nd2 Ngf6 13. c4 Be7 14. Qe2 O-O
15. O-O Rfe8 16. a3 b5 17. Rac1 b4 18. axb4 Qxb4 19. Nf3 a5 20. Rc3 c5 21. Rd1
Bf8 22. Ne5 cxd4 23. Rxd4 Nc5 24. Rf3 Be7 25. Nc6 Qb7 26. Nxe7+ Qxe7 27. Bd6
Qa7 28. Rxf6 gxf6 29. Rg4+ Kh7 30. Qc2+ Kh8 31. Qd2 Kh7 32. Qc2+ Kh8 33. Qc3
Nd7 34. Ne4 e5 35. Qd2 Kh7 36. Bc5 Qc7 37. Qxd7 Qxd7 38. Nxf6+ Kh8 39. Nxd7
Rad8 40. Nf6 Re6 41. Nd5 f5 42. Rg3 Rc8 43. Be7 Rcc6 44. c5 1-0

[Event "BSF 75 aar Jubilaeum 2010"]
[Site "Bronshoj"]
[Date "2010.02.19"]
[Round "8"]
[White "Hillarp Persson, Tiger"]
[Black "Rosenkilde, Alexander"]
[Result "1-0"]
[WhiteElo "2581"]
[BlackElo "2215"]
[PlyCount "103"]
[EventDate "2010.??.??"]
[EventCountry "DEN"]


1. e4 c5 2. Nf3 Nc6 3. Bb5 e6 4. O-O Nge7 5. c3 a6 6. Ba4 b5 7. Bc2 Bb7 8. Qe2
Rc8 9. d4 cxd4 10. cxd4 Ng6 11. g3 Be7 12. a3 O-O 13. Nc3 Na5 14. h4 Re8 15.
Rd1 d6 16. Bg5 Nc4 17. Bd3 Qb6 18. Bxe7 Rxe7 19. h5 Nf8 20. h6 g6 21. Bxc4 Rxc4
22. Qe3 f6 23. Nh2 Nd7 24. Rd2 Rc8 25. Rc1 Kf7 26. Nf1 b4 27. axb4 Qxb4 28. Qf4
a5 29. Ne3 e5 30. dxe5 dxe5 31. Qh4 Bxe4 32. Rcd1 Nc5 33. Rd6 Re6 34. Rd7+ Nxd7
35. Rxd7+ Ke8 36. Rxh7 Bf3 37. Qh3 f5 38. Rh8+ Kd7 39. Rxc8 Kxc8 40. h7 Re8 41.
h8=Q Rxh8 42. Qxh8+ Kb7 43. Qg7+ Kc8 44. Qxg6 f4 45. Qe6+ Kb7 46. Ned5 Qxb2 47.
Qd7+ Ka8 48. Qc8+ Ka7 49. Qc5+ Ka8 50. Qxa5+ Kb7 51. Qc7+ Ka6 52. Qc6+ 1-0

[Event "BSF 75 aar Jubilaeum 2010"]
[Site "Bronshoj"]
[Date "2010.02.19"]
[Round "8"]
[White "Hoi, Carsten"]
[Black "Nielsen, Lars Aaes"]
[Result "1-0"]
[WhiteElo "2393"]
[BlackElo "2248"]
[PlyCount "51"]
[EventDate "2010.??.??"]
[EventCountry "DEN"]


1. d4 e6 2. Nf3 Nf6 3. e3 b6 4. Bd3 Bb7 5. O-O d5 6. b3 Bd6 7. Bb2 Ne4 8. c4
O-O 9. Nc3 f5 10. Rc1 c6 11. Ne2 Nd7 12. Ne5 Bxe5 13. dxe5 Ndc5 14. Nf4 Nxd3
15. Qxd3 Qe7 16. Rfd1 Ba6 17. f3 dxc4 18. bxc4 Nc5 19. Qa3 Rad8 20. Bd4 Bc8 21.
Nd3 Rfe8 22. Bxc5 bxc5 23. Nxc5 Ba6 24. Rd4 h6 25. Qd3 Bc8 26. Rd6 1-0

[Event "BSF 75 aar Jubilaeum 2010"]
[Site "Bronshoj"]
[Date "2010.02.19"]
[Round "8"]
[White "Teplyi, Igor"]
[Black "Mikkelsen, Nikolaj"]
[Result "0-1"]
[WhiteElo "2305"]
[BlackElo "2381"]
[PlyCount "110"]
[EventDate "2010.??.??"]
[EventCountry "DEN"]


1. Nf3 Nf6 2. c4 g6 3. Nc3 Bg7 4. g3 O-O 5. Bg2 Nc6 6. O-O d6 7. d3 e5 8. Rb1
a5 9. a3 Bf5 10. Bg5 Qd7 11. Nd2 Rae8 12. Nd5 Nh5 13. Ne4 f6 14. Bd2 Rf7 15.
Re1 Ref8 16. Qb3 Qc8 17. Rbc1 Be6 18. Qd1 h6 19. b4 f5 20. Nec3 axb4 21. axb4
f4 22. Ne4 Bh3 23. f3 fxg3 24. hxg3 Be6 25. Be3 Qd8 26. Ra1 Nb8 27. Bf2 c6 28.
Nb6 Na6 29. c5 d5 30. Nd6 Qg5 31. Nxf7 Rxf7 32. Qc1 Qf6 33. Qd2 Kh7 34. e4 Nc7
35. Ra5 g5 36. Rf1 Qg6 37. Na4 Ne8 38. Nc3 Nef6 39. exd5 cxd5 40. d4 exd4 41.
Ne2 g4 42. f4 Bf5 43. Bxd4 Ne4 44. Bxe4 Bxe4 45. Bxg7 Nxg7 46. Nd4 Rf5 47. Rf2
Rh5 48. Rh2 Rh3 49. Rxh3 gxh3 50. Ra3 Nh5 51. f5 Qg4 52. Qe2 Qg7 53. Qxh5 Qxd4+
54. Kh2 Qb2+ 55. Kxh3 Bg2+ 0-1

[Event "BSF 75 aar Jubilaeum 2010"]
[Site "Bronshoj"]
[Date "2010.02.19"]
[Round "8"]
[White "Aabling Thomsen, Jakob"]
[Black "Rossen, Claus"]
[Result "1-0"]
[WhiteElo "2312"]
[BlackElo "2223"]
[PlyCount "43"]
[EventDate "2010.??.??"]
[EventCountry "DEN"]


1. e4 d6 2. d4 Nf6 3. Nc3 g6 4. h4 c5 5. dxc5 Qa5 6. cxd6 Nxe4 7. dxe7 Bg7 8.
Qd8+ Qxd8 9. exd8=Q+ Kxd8 10. Nxe4 Re8 11. Bg5+ Kc7 12. O-O-O Rxe4 13. Bd8+ Kc6
14. Be2 Rd4 15. Nf3 Ra4 16. Ne5+ Kc5 17. b4+ Rxb4 18. Nd3+ Kb5 19. Nb2+ Kc6 20.
Bf3+ Kb5 21. a4+ Rxa4 22. Rd5+ 1-0

[Event "BSF 75 aar Jubilaeum 2010"]
[Site "Bronshoj"]
[Date "2010.02.19"]
[Round "8"]
[White "Brinck Claussen, Bjorn"]
[Black "Kragh, Niels Kristian"]
[Result "1/2-1/2"]
[WhiteElo "2300"]
[BlackElo "2147"]
[PlyCount "71"]
[EventDate "2010.??.??"]
[EventCountry "DEN"]


1. e4 c5 2. Nf3 Nc6 3. d4 cxd4 4. Nxd4 Nf6 5. Nc3 e5 6. Ndb5 d6 7. Bg5 a6 8.
Na3 b5 9. Nd5 Be7 10. Bxf6 Bxf6 11. c3 Bb7 12. Nc2 Nb8 13. a4 bxa4 14. Ncb4 Nd7
15. Qxa4 O-O 16. Qd1 Nc5 17. f3 Bg5 18. Bc4 a5 19. Nc2 Rc8 20. Qe2 a4 21. Ncb4
Kh8 22. O-O f5 23. exf5 Rxf5 24. Bd3 Rf7 25. Bc2 Qa5 26. f4 Bxf4 27. g3 Ne6 28.
gxf4 Bxd5 29. Qd3 Qc5+ 30. Rf2 Ng5 31. Nxd5 e4 32. Qe3 Qxe3 33. Nxe3 Nh3+ 34.
Kg2 Nxf2 35. Kxf2 Rxf4+ 36. Ke2 1/2-1/2

[Event "BSF 75 aar Jubilaeum 2010"]
[Site "Bronshoj"]
[Date "2010.02.19"]
[Round "8"]
[White "Rendboe, John Filip"]
[Black "Andersen, Alf Roger"]
[Result "1-0"]
[WhiteElo "2247"]
[BlackElo "2200"]
[PlyCount "63"]
[EventDate "2010.??.??"]
[EventCountry "DEN"]


1. d4 f5 2. Nc3 Nf6 3. Bg5 d5 4. Bxf6 exf6 5. e3 c6 6. Bd3 Be6 7. Qf3 g6 8.
Nge2 Nd7 9. h3 Bd6 10. g4 fxg4 11. hxg4 Bf7 12. Nf4 Nf8 13. O-O-O Qe7 14. e4
dxe4 15. Bxe4 O-O-O 16. Rhe1 Qc7 17. Nd3 Nd7 18. Rh1 Kb8 19. Rh3 h5 20. gxh5 f5
21. Bxf5 gxf5 22. Qxf5 Rdf8 23. Qg5 Be6 24. Rhh1 Bf5 25. Kb1 Nb6 26. Rde1 Bxd3
27. cxd3 Rxf2 28. Ne4 Rhf8 29. Qg6 Bf4 30. Nc5 Qd6 31. Qg7 Qh6 32. Qxb7# 1-0

[Event "BSF 75 aar Jubilaeum 2010"]
[Site "Bronshoj"]
[Date "2010.02.19"]
[Round "8"]
[White "Saada, Julien"]
[Black "Huguet, Sergio"]
[Result "1-0"]
[WhiteElo "2307"]
[BlackElo "2138"]
[PlyCount "97"]
[EventDate "2010.??.??"]
[EventCountry "DEN"]


1. d4 d5 2. c4 e5 3. dxe5 d4 4. Nf3 Nc6 5. g3 Bg4 6. Bg2 Nge7 7. O-O Ng6 8.
Nbd2 Qd7 9. a3 Be7 10. b4 d3 11. exd3 Qxd3 12. Bb2 Rd8 13. Qb1 O-O 14. Qxd3
Rxd3 15. h3 Be6 16. Rfe1 Rfd8 17. Re2 Ncxe5 18. Bxe5 Nxe5 19. Rxe5 Bf6 20. Rae1
Bxe5 21. Rxe5 Rxa3 22. Rc5 c6 23. g4 Ra1+ 24. Kh2 Ra2 25. Ne4 Rc2 26. Bf1 Rd1
27. Kg2 h5 28. gxh5 Bxh3+ 29. Kxh3 Rxf1 30. b5 Rfc1 31. bxc6 bxc6 32. Re5 f6
33. Re8+ Kh7 34. Kg4 g6 35. hxg6+ Kxg6 36. Nh4+ Kf7 37. Nd6+ Kg7 38. Nhf5+ Kh7
39. Re7+ Kh8 40. Kh5 Rxf2 41. Kg6 Rg1+ 42. Kxf6 Kg8 43. Nf7 Kf8 44. Rxa7 Re1
45. Ne5 Kg8 46. Ng6 Rxf5+ 47. Kxf5 Rc1 48. Rc7 Rxc4 49. Kf6 1-0

[Event "BSF 75 aar Jubilaeum 2010"]
[Site "Bronshoj"]
[Date "2010.02.19"]
[Round "8"]
[White "Naes, Flovin Tor"]
[Black "Jorgensen, Rasmus"]
[Result "0-1"]
[WhiteElo "2262"]
[BlackElo "2015"]
[PlyCount "72"]
[EventDate "2010.??.??"]
[EventCountry "DEN"]


1. e4 g6 2. d4 Bg7 3. Nc3 d6 4. Be3 a6 5. Qd2 Nd7 6. f3 b5 7. a3 Bb7 8. Nh3 Rc8
9. Be2 c5 10. O-O cxd4 11. Bxd4 Ngf6 12. a4 b4 13. Nd1 a5 14. b3 O-O 15. Nb2 e5
16. Bf2 d5 17. exd5 Nxd5 18. Nc4 Nc5 19. Rae1 Qc7 20. Bg3 Rcd8 21. Nf2 Nc3 22.
Qe3 Nxe2+ 23. Qxe2 f6 24. Nd1 Rd7 25. Ndb2 Ne6 26. Rd1 Nd4 27. Qf2 Rfd8 28.
Rfe1 Ba6 29. Kh1 Nf5 30. Rb1 Nxg3+ 31. hxg3 Bf8 32. Qe2 Bc5 33. Qe4 Rd4 34. Qe2
Qg7 35. Nd3 Qh6+ 36. Kg1 Rxd3+ 0-1

[Event "BSF 75 aar Jubilaeum 2010"]
[Site "Bronshoj"]
[Date "2010.02.19"]
[Round "8"]
[White "Akdag, Dara Sevkan"]
[Black "Petersen, Peter Birk"]
[Result "1-0"]
[WhiteElo "2157"]
[BlackElo "2203"]
[PlyCount "65"]
[EventDate "2010.??.??"]
[EventCountry "DEN"]


1. d4 Nf6 2. c4 e6 3. Nf3 d5 4. Nc3 c6 5. Bg5 Nbd7 6. cxd5 exd5 7. Qc2 Be7 8.
e3 Nh5 9. Bxe7 Qxe7 10. Be2 Nhf6 11. O-O O-O 12. Rab1 Ne4 13. Nxe4 dxe4 14. Nd2
Re8 15. b4 Nb6 16. b5 Bd7 17. bxc6 Bxc6 18. Nc4 Nxc4 19. Bxc4 Rad8 20. Qb3 b6
21. Rfc1 Rd6 22. Rc2 Red8 23. Rbc1 Bd5 24. Bxd5 Rxd5 25. Rc7 R5d7 26. Qc2 g6
27. Qc6 Rxc7 28. Qxc7 Rd7 29. Qb8+ Kg7 30. Rc8 g5 31. h4 h6 32. Rh8 Qb4 33.
Qg8+ 1-0

[Event "BSF 75 aar Jubilaeum 2010"]
[Site "Bronshoj"]
[Date "2010.02.19"]
[Round "8"]
[White "Petersen, Nils"]
[Black "Petersen, Steen Brustrup"]
[Result "1/2-1/2"]
[WhiteElo "2059"]
[BlackElo "2154"]
[PlyCount "20"]
[EventDate "2010.??.??"]
[EventCountry "DEN"]


1. c4 e5 2. Nc3 Nf6 3. Nf3 Nc6 4. a3 g6 5. d4 exd4 6. Nxd4 Bg7 7. Bg5 h6 8. Bh4
O-O 9. e3 Re8 10. Be2 Nxd4 1/2-1/2

[Event "BSF 75 aar Jubilaeum 2010"]
[Site "Bronshoj"]
[Date "2010.02.19"]
[Round "8"]
[White "Frisk, Hans"]
[Black "Andersen, Ole Bo"]
[Result "1-0"]
[WhiteElo "2022"]
[BlackElo "2125"]
[PlyCount "69"]
[EventDate "2010.??.??"]
[EventCountry "DEN"]


1. e4 Nf6 2. Nc3 e5 3. Bc4 Nxe4 4. Qh5 Nd6 5. Bb3 Nc6 6. Nb5 g6 7. Qf3 f5 8.
Qd5 Qe7 9. Nxc7+ Kd8 10. Nxa8 b6 11. Nxb6 axb6 12. Qf3 Bb7 13. d3 Nd4 14. Qh3
e4 15. Be3 Bg7 16. O-O-O Qf6 17. c3 Nxb3+ 18. axb3 Nb5 19. Ne2 exd3 20. Nd4
Nxd4 21. Bxd4 Qg5+ 22. Qe3 Qxe3+ 23. Bxe3 Bxg2 24. Rhe1 Kc7 25. Bf4+ Kc6 26.
Rxd3 Bd5 27. Red1 Be6 28. Rd6+ Kb5 29. c4+ Ka6 30. Be3 Rb8 31. Kc2 f4 32. Ra1+
Kb7 33. Rxb6+ Kc7 34. Bxf4+ Kxb6 35. Bxb8 1-0

[Event "BSF 75 aar Jubilaeum 2010"]
[Site "Bronshoj"]
[Date "2010.02.19"]
[Round "8"]
[White "Christensen, Esben"]
[Black "Jensen, Soren Holm"]
[Result "1/2-1/2"]
[WhiteElo "2008"]
[BlackElo "2060"]
[PlyCount "39"]
[EventDate "2010.??.??"]
[EventCountry "DEN"]


1. e4 e5 2. Nf3 Nc6 3. Bc4 Bc5 4. c3 Nf6 5. d3 a6 6. Bb3 d6 7. O-O O-O 8. Nbd2
Ba7 9. Re1 Be6 10. Nf1 h6 11. Ng3 Ne7 12. Nh4 c6 13. Nh5 Nxh5 14. Qxh5 Bxb3 15.
axb3 Kh7 16. g4 Qe8 17. Nf5 Nxf5 18. exf5 f6 19. Qh4 Qf7 20. b4 1/2-1/2

[Event "BSF 75 aar Jubilaeum 2010"]
[Site "Bronshoj"]
[Date "2010.02.19"]
[Round "8"]
[White "Hvenekilde, Jorgen"]
[Black "Hansen, Lars Henrik Bech"]
[Result "1/2-1/2"]
[WhiteElo "2190"]
[BlackElo "2083"]
[PlyCount "26"]
[EventDate "2010.??.??"]
[EventCountry "DEN"]


1. d4 g6 2. e4 d6 3. Nf3 Bg7 4. Be2 c5 5. dxc5 Qa5+ 6. Bd2 Qxc5 7. Bc3 Nf6 8.
O-O O-O 9. Nbd2 Nc6 10. Ne1 Nd4 11. Nd3 Nxe2+ 12. Qxe2 Qh5 13. f3 Bd7 1/2-1/2

[Event "BSF 75 aar Jubilaeum 2010"]
[Site "Bronshoj"]
[Date "2010.02.19"]
[Round "8"]
[White "Jensen, Michael Agermose"]
[Black "Andersen, Daniel"]
[Result "1-0"]
[WhiteElo "2070"]
[BlackElo "2024"]
[PlyCount "29"]
[EventDate "2010.??.??"]
[EventCountry "DEN"]


1. e4 e6 2. d4 d5 3. Nc3 Bb4 4. Nge2 dxe4 5. a3 Be7 6. Nxe4 Nf6 7. N2g3 b6 8.
Bd3 Bb7 9. O-O Nbd7 10. Ng5 O-O 11. Re1 c5 12. Qe2 Re8 13. Nxf7 Kxf7 14. Qxe6+
Kf8 15. Bc4 1-0

[Event "BSF 75 aar Jubilaeum 2010"]
[Site "Bronshoj"]
[Date "2010.02.20"]
[Round "9"]
[White "Bromann, Thorbjorn"]
[Black "Hector, Jonny"]
[Result "0-1"]
[WhiteElo "2434"]
[BlackElo "2572"]
[PlyCount "78"]
[EventDate "2010.??.??"]
[EventCountry "DEN"]


1. d4 d5 2. c4 c6 3. Nf3 Nf6 4. e3 Bf5 5. Nc3 e6 6. Nh4 Be4 7. f3 Bg6 8. Qb3
Qb6 9. Nxg6 hxg6 10. Bd2 Nbd7 11. f4 Be7 12. Be2 c5 13. Qxb6 Nxb6 14. Nb5 O-O
15. dxc5 Nxc4 16. Bxc4 dxc4 17. Na3 Rfc8 18. Rc1 c3 19. Rxc3 Bxc5 20. Nb1 Bb4
21. Rxc8+ Rxc8 22. Kd1 Bxd2 23. Nxd2 Ng4 24. Ke2 Rc2 25. Rb1 Nxh2 26. Kd3 Rc7
27. Ne4 Ng4 28. b4 e5 29. fxe5 Nxe5+ 30. Kd4 f6 31. b5 b6 32. Nf2 Kf7 33. Kd5
Rd7+ 34. Ke4 Rd2 35. Nh3 Rxg2 36. Rc1 g5 37. Rc7+ Ke6 38. Kd4 Rxa2 39. Rxg7 Rc2
0-1

[Event "BSF 75 aar Jubilaeum 2010"]
[Site "Bronshoj"]
[Date "2010.02.20"]
[Round "9"]
[White "Andersen, Mads"]
[Black "Hillarp Persson, Tiger"]
[Result "1/2-1/2"]
[WhiteElo "2300"]
[BlackElo "2581"]
[PlyCount "28"]
[EventDate "2010.??.??"]
[EventCountry "DEN"]


1. e4 c5 2. Nf3 e6 3. d4 cxd4 4. Nxd4 a6 5. Nc3 Qc7 6. Bd3 Bc5 7. Nb3 Be7 8.
O-O d6 9. f4 Nd7 10. Qf3 Ngf6 11. Bd2 b5 12. Rae1 Bb7 13. Kh1 O-O 14. Qh3 e5
1/2-1/2

[Event "BSF 75 aar Jubilaeum 2010"]
[Site "Bronshoj"]
[Date "2010.02.20"]
[Round "9"]
[White "Danielsen, Henrik"]
[Black "Hoi, Carsten"]
[Result "1-0"]
[WhiteElo "2495"]
[BlackElo "2393"]
[PlyCount "78"]
[EventDate "2010.??.??"]
[EventCountry "DEN"]


1. c4 Nf6 2. g3 d6 3. Bg2 e5 4. Nc3 g6 5. e4 Bg7 6. Nge2 O-O 7. O-O Nc6 8. f4
exf4 9. gxf4 Nh5 10. d4 Bg4 11. Be3 f5 12. e5 g5 13. h3 Bxe2 14. Nxe2 gxf4 15.
Nxf4 Nxf4 16. Bxf4 dxe5 17. dxe5 Nxe5 18. Bxb7 Rb8 19. Qxd8 Rbxd8 20. Rad1 Rxd1
21. Rxd1 Kf7 22. b3 Re8 23. Kf1 Re7 24. Rd8 Kg6 25. Rd5 Bf6 26. Rd2 h6 27. Rg2+
Kh5 28. Re2 c5 29. Bc8 Ng6 30. Rxe7 Nxe7 31. Bd7 Kh4 32. Bd6 Kxh3 33. Bxc5 a5
34. Bd6 Kg4 35. c5 Nd5 36. Be6 Nc3 37. Bc7 Ne4 38. c6 Nc5 39. Bc4 f4 1-0